| 000 | 01169naa a2200301 c 4500 | ||
|---|---|---|---|
| 001 | 31970 | ||
| 003 | ES-MaCES | ||
| 005 | 20170213110847.0 | ||
| 008 | 000911n1999 sp 000 | spa d | ||
| 035 | _aCES20000005083v | ||
| 040 |
_aES-MaCES _bspa _cES-MaCES |
||
| 100 | 1 |
_911336 _aErrandonea Ulazia, Elisabet |
|
| 245 | 1 | 0 |
_aNegociación colectiva y prevención de riesgos laborales _b: el Acuerdo interprofesional en materia de salud y prevención de riesgos laborales en la Comunidad Autónoma del País Vasco _cElixabet Errandonea Ulazia y Edurne López Rubia |
| 650 | 4 |
_aevaluación _928893 |
|
| 650 | 4 |
_a1997 _930803 |
|
| 650 | 4 |
_aPaís Vasco _930799 |
|
| 650 | 4 |
_anegociación colectiva _928362 |
|
| 650 | 4 |
_ariesgo _929564 |
|
| 650 | 4 |
_asalud en el trabajo _928347 |
|
| 650 | 4 |
_aseguridad en el trabajo _928348 |
|
| 653 | 1 | 0 | _aSalud |
| 650 | 4 |
_930664 _aconcertación social |
|
| 700 | 1 |
_aLópez Rubia, Edurne _916987 |
|
| 773 | 0 |
_tRevista de derecho social _gn. 5 (en.-marzo 1999){10693 R. 030596}; 209-220 _w(ES-MaCES)25695 _968675 |
|
| 902 | _aART Artículo de revista | ||
| 942 |
_2CES _cAR _h3.1. |
||
| 999 |
_c31970 _d31970 |
||